Guess the Song #1 - Statistics

General Stats
  • This quiz has been taken 61 times
  • The average score is 147 of 274
Answer Stats
Lyrics % Correct
'm
100%
's
100%
a
98%
a-
98%
I
98%
me
89%
it
89%
me,
89%
me
89%
and
85%
And
85%
The
85%
the
85%
Do
84%
n't
82%
On
80%
to
76%
To
76%
have
75%
that
71%
That
71%
where
69%
Where
69%
My
67%
my
67%
then,
65%
one
64%
one,
64%
in
62%
know
60%
of
60%
Of
60%
only
60%
What
56%
ever
51%
But
49%
there
49%
this
49%
will
45%
up,
44%
lonely
36%
road
36%
walk
36%
known
31%
out
31%
Broken
29%
down
29%
Dreams
27%
goes
27%
heart
27%
street
27%
alone
25%
alone,
25%
boulevard
25%
Boulevard
25%
alone,
25%
thing
25%
find
20%
shadow
20%
'Til
20%
wish
20%
city
18%
walks
18%
beating
16%
beside
16%
beating
16%
empty
16%
mind
16%
someone
16%
sleeps
15%
edge,
15%
home
15%
sleeps
15%
Sometimes,
15%
everything
13%
Read
13%
shallow
13%
between
11%
line
11%
somewhere
11%
walking
11%
Ah-ah,
9%
ah-ah,
9%
ah-ah
9%
Check
7%
fucked
7%
still
7%
alive,
5%
alright
5%
borderline
5%
divides
5%
signs
5%
lines
5%
vital
5%
No matching quizzes found
Score Distribution
Percent of People with Each Score
Percentile by Number Answered
Your Score History
You have not taken this quiz